| 000 | 01046nam a22002297a 4500 | ||
|---|---|---|---|
| 008 | 081007t xxu||||| |||| 00| 0 mar | ||
| 010 | _aMAR-20017 | ||
| 020 | _c60.00 | ||
| 035 | _aMR-12675 | ||
| 037 | _bD.B.Act /pub | ||
| 082 | _a891.461 | ||
| 100 | _aमैत्रेय | ||
| 245 |
_aजीवनवृक्ष / _cमैत्रेय |
||
| 246 |
_aJivanvarikash _bby Mytre |
||
| 260 |
_aसोलापुर _bआत्मकला प्रकाशन _c2008 |
||
| 270 |
_a340, शुक्रवारपेठ,समचार चौक _bसोलापुर _e2 |
||
| 300 |
_a67 पृ _c22 सेमी (अजिल्द) |
||
| 650 | _aमराठी कविता संग्रह | ||
| 650 |
_aMarathi Poetry _xPhysical Fitness |
||
| 942 |
_2ddc _cMR _mमैत्रेय _h891.461 |
||
| 999 |
_c21218 _d21218 |
||